000 00298nam a2200121Ia 4500
005 20251222151338.0
008 251222s9999||||xx |||||||||||||| ||spa||
082 _a869.53/O42/Ej.2
100 _aOlavide, Pablo de
245 0 _aObras Selectas
264 _bBanco de Crédito del Perú
942 _cLIB
999 _c24379
_d24379